Pensar la arquitectura /
Guardat en:
| Autor principal: | |
|---|---|
| Altres autors: | , |
| Format: | Llibre |
| Idioma: | espanyol |
| Publicat: |
Barcelona, España :
Gustavo Gili,
2022, c2022
|
| Edició: | 3a edición |
| Matèries: | |
| Etiquetes: |
tey
1
|
MARC
| LEADER | 00000nam^a2200000^a^4500 | ||
|---|---|---|---|
| 001 | 000354020 | ||
| 005 | 20250521000000.0 | ||
| 008 | 080328 20142014 | ||
| 009 | 20260310115123.224 | ||
| 020 | |a 978-84-252-2730-1 | ||
| 037 | |a Acervo ITESO - Biblioteca | ||
| 041 | |a ESP | ||
| 082 | |a 720. 1 |b ZUM | ||
| 100 | |a Zumthor, Peter |e (autor) | ||
| 240 | 1 | 1 | |a [Pensar la arquitectura] |
| 245 | 1 | 0 | |a Pensar la arquitectura / |c P. Zumthor ; fotografía de L. Padgett, F. del Meno ; tr. por Pedro Madrigal. |
| 250 | |a 3a edición |b ampliada | ||
| 264 | 4 | |a Barcelona, España : |b Gustavo Gili, |c 2022, c2022 | |
| 300 | |a 111 p. | ||
| 336 | |a texto |b txt |2 rdacontenido | ||
| 337 | |a sin mediación |b n |2 rdamedio | ||
| 338 | |a volumen |b nc |2 rdasoporte | ||
| 500 | |a Traducción de: Architektur Denken | ||
| 521 | |a 2015 BO Licenciatura en Arquitectura | ||
| 586 | |a Premio Pritzker 2009 | ||
| 649 | |a XX | ||
| 650 | |a Estética | ||
| 650 | |a Espacio Arquitectónico - |x Filosofía | ||
| 650 | |a Arquitectura - |x Filosofía - |x Tema Principal | ||
| 650 | |a Arquitectura - |x Teoría | ||
| 650 | |a Arquitectura - |x Historia y Crítica | ||
| 650 | |a Arquitectura - |x Estudio y Enseñanza | ||
| 650 | |a Arte - |x Teoría | ||
| 650 | |a Arte - |x Historia y Crítica | ||
| 700 | |a Padgett, Laura |e (fotógrafo) | ||
| 700 | |a Meno, Fráncfort del |e (fotógrafo) | ||
| 910 | |a Fondo General | ||
| 920 | |a Impresos - Libros | ||
| 930 | |a Reserva Especial | ||
| 905 | |a 103 | ||
| 901 | |a 0500338348 |b IT1 |c REE |i C187214 |u 20250521 | ||
| 901 | |a 0500338351 |b IT1 |c REE |i C187213 |u 20250521 | ||
| 902 | |a https://opac.biblio.iteso.mx/vufind/Record/000354020 | ||